Szczegóły MARC21

Podręcznik diagnostyki psychologicznej /

003 -Nazwa inst., której nr kontr. jest w polu 001 [,]
    • @
    • Nazwa instytucji, której n kontrolny jest w polu 001
    • NUKAT
005 -DATA I CZAS OSTATNIEJ MODYFIKACJI [,]
    • @
    • pole kontrolne
    • 20241231095337.0
040 -Instytucja sporządzająca opis [ , ]
    • a
    • Instytucja, która sporządziła opis (NP)
    • TOR U/PDJR
    • b
    • Język katalogowania
    • pol
    • e
    • Zasady katalogowania
    • rda
    • c
    • Instytucja, która sporządziła rekord (NP)
    • TOR U/PDJR
    • d
    • Instytucja, która zmodyfikowała rekord (P)
    • TOR U/AP
    • d
    • Instytucja, która zmodyfikowała rekord (P)
    • Ł U/JOs
    • d
    • Instytucja, która zmodyfikowała rekord (P)
    • KR 119/ET
    • d
    • Instytucja, która zmodyfikowała rekord (P)
    • GL 001/FAN
    • d
    • Instytucja, która zmodyfikowała rekord (P)
    • KR 93/MPs
    • d
    • Instytucja, która zmodyfikowała rekord (P)
    • GL 001/FMM
    • d
    • Instytucja, która zmodyfikowała rekord (P)
    • WA U/89WDs
041 -Język dokumentu [1, ]
    • a
    • Język tekstu (P)
    • polski
    • h
    • Język tekstu oryginalnego i/lub pośredniego (P)
    • niemiecki
942 -Rodzaj dokumentu [ , ]
    • c
    • Rodzaj dokumentu
    • Książka
100 -Hasło główne - nazwa osobowa [1, ]
    • a
    • Nazwa osobowa (NP)
    • Meili, Richard
    • d
    • Daty biograficzne (NP)
    • (1900-1991).
    • e
    • Rodzaj współpracy
    • Autor
    • 9
    • KHW
    • 558188
240 -Tytuł ujednolicony [1,0]
    • a
    • Tytuł ujednolicony
    • Psychologische Diagnostik
    • l
    • Język tekstu
    • (pol.)
    • 9
    • KHW
    • 597793
245 -Strefa tytułu i oznaczenia odpowiedzialności [1,0]
    • a
    • Tytuł
    • Podręcznik diagnostyki psychologicznej / Find
    • c
    • Pozostałe elementy strefy tytułu i oznaczenia odpowiedzialności (NP)
    • Richard Meili ; przekład Beatrice Horoszowskiej.
246 -Wariant tytułu [1, ]
    • i
    • Tekst wyświetlany na ekranie monitora (NP)
    • Tytuł oryginału:
    • a
    • Tytuł (NP)
    • Lehrbuch der psychologischen Diagnostik
250 -Strefa wydania [ , ]
    • a
    • Oznaczenie wydania (NP)
    • Wydanie II.
260 -Strefa adresu wydawniczego [ , ]
    • a
    • Miejsce wydania (P)
    • Warszawa :
    • b
    • Nazwa wydawcy (P)
    • Państwowe Wydawnictwo Naukowe,
    • c
    • Data wydania (P)
    • 1969.
300 -Strefa opisu fizycznego [ , ]
    • a
    • Określenie formy książki i/lub objętość (NP)
    • 372, [3] strony, [4] strony tablic :
    • b
    • Oznaczenie ilustracji (NP)
    • ilustracje ;
    • c
    • Format (NP)
    • 25 cm.
336 -Typ zawartości [ , ]
    • a
    • Termin opisujący typ zawartości
    • Tekst
    • b
    • Kod określający zawartość
    • txt
    • 2
    • Źródło (terminu i kodu)
    • rdacontent
337 -Typ mediów [ , ]
    • a
    • Tryb odtwarzania
    • Bez urządzenia pośredniczącego
    • b
    • Kod typu mediów
    • n
    • 2
    • Źródło (terminu i kodu)
    • rdamedia
338 -Typ/rodzaj nośnika [ , ]
    • a
    • Hasło opisujące typ nośnika
    • Wolumin
    • b
    • Kod typu nośnika
    • nc
    • 2
    • Źródło (terminu i kodu)
    • rdacarrier
380 -Deskryptor - Forma dzieła (P) [ , ]
    • a
    • forma dzieła (NP)
    • Książki
380 -Deskryptor - Forma dzieła (P) [ , ]
    • a
    • forma dzieła (NP)
    • Publikacje dydaktyczne
380 -Deskryptor - Forma dzieła (P) [ , ]
    • a
    • forma dzieła (NP)
    • Publikacje naukowe
385 -Deskryptor - grupa odbiorców (P) [ , ]
    • m
    • wyrażenie wprowadzające (NP)
    • Poziom nauczania
    • a
    • termin określający odbiorcę (P)
    • Szkoły wyższe
388 -Deskryptor - czas powstania dzieła (P) [1, ]
    • a
    • Czas powstania dzieła (NP)
    • 1901-2000
388 -Deskryptor - czas powstania dzieła (P) [1, ]
    • a
    • Czas powstania dzieła (NP)
    • 1945-1989
500 -Uwaga ogólna [ , ]
    • a
    • Uwaga ogólna (NP)
    • Wydanie na podstawie 4-ego na nowo opracowanego i uzupełnionego wydania szwajcarskiego.
504 -Uwaga dot. bibliogr. załącznikowej [ , ]
    • a
    • Uwaga dot. bibliografii załącznikowej
    • Bibliografia na stronach 353-362. Indeksy.
080 -Uniwersalna Klasyfikacja Dziesiętna [ , ]
    • a
    • Symbol klasyfikacji
    • 159.938.072
    • 9
    • UKD
    • 2434
    • 2
    • Identyfikator wydania tablic
    • UDC-P058
    • b
    • Dopowiedzenie
    • Testy.
650 -Hasło przedmiotowe [ ,7]
    • a
    • Hasło przedmiotowe
    • Psychometria.
    • 2
    • Źródło terminu
    • kaba
    • 9
    • KHW
    • 126991
650 -Hasło przedmiotowe [ ,7]
    • a
    • Hasło przedmiotowe
    • Psychodiagnostyka.
    • 2
    • Źródło terminu
    • kaba
    • 9
    • KHW
    • 126945
650 -Hasło przedmiotowe [ ,7]
    • a
    • Hasło przedmiotowe
    • Testy psychologiczne.
    • 2
    • Źródło terminu
    • kaba
    • 9
    • KHW
    • 133477
650 -Hasło przedmiotowe [ ,7]
    • a
    • Hasło przedmiotowe
    • Psychometria
    • 2
    • Źródło terminu
    • DBN
    • 9
    • KHW
    • 126991
650 -Hasło przedmiotowe [ ,7]
    • a
    • Hasło przedmiotowe
    • Testy psychologiczne
    • 2
    • Źródło terminu
    • DBN
    • 9
    • KHW
    • 732095
655 -Hasło w funkcji tematu formalnego [ ,7]
    • a
    • Hasło
    • Podręcznik
    • 2
    • Źródło terminu
    • DBN
    • 9
    • KHW
    • 720960
658 -Ujęcie treści [ , ]
    • a
    • dziedzina nauki i sztuki/ sfera aktywności życiowej
    • Edukacja i pedagogika
980 -Symbol UKD [ , ]
    • a
    • UKD
    • 159.938.072
700 -Hasło dodatkowe - nazwa osobowa [1, ]
    • a
    • Nazwa osobowa (NP)
    • Horoszowska, Beatrice. Find
    • e
    • Określenie rodzaju współpracy
    • Tłumaczenie
    • 9
    • KHW
    • 558187
710 -Hasło dodatkowe - nazwa ciała zbiorowego [2, ]
    • a
    • Nazwa ciała zbiorowego lub nazwa geograficzna jako pierwszy element (NP)
    • Państwowe Wydawnictwo Naukowe (1951-1992).
    • e
    • Rodzaj współpracy
    • Wydawca
    • 4
    • Kod relacji
    • pbl
    • 9
    • KHW
    • 52048
Sygnatura Numer inwentarzowy Status udost. Lokalizacja Data inwentaryzacji
 W.26334-3BG2003-09-04
 W.264036BG2003-09-04
 W.274626BG2003-09-04
Z.11228Z.112281BG2003-09-04
 Pd.155301BNS2003-09-23